Largest Car Companies - Statistics

General Stats
  • This quiz has been taken 2,469 times
  • The average score is 10 of 20
Answer Stats
Number of vehicles Produced Company % Correct
5,595,483 Ford
93%
10,104,424 Toyota
91%
4,110,857 Honda
80%
2,065,477 BMW
79%
9,254,742 Volkswagen
72%
4,889,379 Nissan
68%
7,126,413 Hyundai
67%
9,285,425 General Motors
65%
2,127,295 Fiat
59%
2,911,764 PSA Peugeot Citroën
49%
2,676,226 Renault
45%
2,371,427 Chrysler
44%
1,189,283 Mazda
41%
1,109,731 Mitsubishi
41%
2,893,602 Suzuki
34%
1,241,239 Tata
30%
2,195,152 Daimler AG
21%
1,783,548 SAIC
3%
1,137,950 Dongfeng Motor
2%
1,063,721 Changan
1%
No matching quizzes found
Score Distribution
Percent of People with Each Score
Percentile by Number Answered
Your Score History
You have not taken this quiz